| 000 | 00576nam a22001697a 4500 | ||
|---|---|---|---|
| 005 | 20250328200056.0 | ||
| 008 | 250328b |||||||| |||| 00| 0 eng d | ||
| 020 | _a9789042008977 | ||
| 050 | _aBR118 ONE | ||
| 245 |
_aOne Gospel-Many Cultures: _bCase Stuides and Reflections on Cross-Cultural Theology/ _cEdited by; Mercy Amba Oduyoye & Hendrik M. Vroom |
||
| 260 |
_aNew York _bWorld Alliance of Reformed Churches _c2003 |
||
| 300 |
_a254p. _c21 cm |
||
| 650 | _2Theology | ||
| 700 | _aOduyoye Mercy Amba (editor) | ||
| 700 | _aVroom Hendrik M. (editor) | ||
| 942 |
_2lcc _cBK _n0 |
||
| 999 |
_c5324 _d5324 |
||